banner koha

Um roteiro para estudo sobre difusao de inovacoes e mudanca social dirigida (Registro n. 264012)

MARC details
000 -LÍDER
campo de controle de tamanho fixo 00915nac a22002417a 4500
001 - NÚMERO DE CONTROLE
campo de controle BR7301961
003 - IDENTIFICADOR DO NÚMERO DE CONTROLE
campo de controle BR-BrBNA
005 - DATA E HORÁRIO DA ÚLTIMA TRANSAÇÃO
campo de controle 20240105113504.0
008 - CAMPO DE DADOS FIXOS--INFORMAÇÃO GERAL
campo de controle de tamanho fixo 230509b bl.|||m| |||| 00| 0 por d
040 ## - FONTE DA CATALOGAÇÃO
Instituição da catalogação original BR-BrBNA
Idioma da catalogação por
Instituição que transcreveu o registro Biblioteca Nacional de Agricultura
072 ## - CÓDIGO DE CATEGORIA DE ASSUNTO
Código de Categoria de Assunto C00; E50
090 ## - NÚMERO DE CHAMADA LOCAL
Número de chamada C00 BR7301961
100 1# - ENTRADA PRINCIPAL--NOME PESSOAL
Nome pessoal Cobbe, R.V.
110 1# - ENTRADA PRINCIPAL--NOME CORPORATIVO
Nome corporativo ou nome da jurisdição Escola Superior de Agricultura Luiz de Queiroz, Piracicaba, SP (Brasil)
245 1# - TÍTULO
Título Um roteiro para estudo sobre difusao de inovacoes e mudanca social dirigida
260 3# - PUBLICAÇÃO, DISTRIBUIÇÃO, ETC.
Local de publicação, distribuição, etc. Piracicaba, SP (Brasil):
Data da publicação, distribuição, etc. 1969.
300 ## - DESCRIÇÃO FÍSICA
Extensão 33 p.
490 ## - TÍTULO DA SÉRIE
Título da série Serie Didatica - Escola Superior de Agricultura Luiz de Queiroz (Brazil)
Número do volume ou designação sequencial da série no. 19
ISSN - International Standard Serial Number
500 ## - NOTA GERAL
Nota geral (*) Documento disponível na(o) Escola Superior de Agricultura Luiz de Queiroz, Piracicaba, SP (Brazil)
650 ## - ASSUNTO--TERMO TÓPICO
Cabeçalho tópico ou nome geográfico Sociologia rural
909 ## -
-- 202312
-- Lúcia Elande
-- 55
-- Lúcia Elande
942 ## - ELEMENTOS DE ENTRADA ADICIONADOS (KOHA)
Fonte da classificação ou esquema de arquivamento na estante Classificação AGRIS
Ocultar no OPAC Não
Tipo de material Koha Monografia Seriada
Exemplares
Situação do descarte Fonte da classificação ou esquema de arquivamento na estante Situação física Não pode ser emprestado Coleção Biblioteca de origem Biblioteca atual Localização na estante Total de empréstimos Data de último acesso Tipo de material Koha Nota pública Fonte de aquisição
  Classificação AGRIS   INDISPONÍVEL   Biblioteca Nacional de Agricultura - Binagri Biblioteca Nacional de Agricultura - Binagri Agrobase - Acervo Geral   18/12/2023 Monografia Seriada (*) Documento disponível na(o) Escola Superior de Agricultura Luiz de Queiroz, Piracicaba, SP (Brazil) Portaria Interministerial nº 164/94

BINAGRI

Telefone: (61)3218-2567/2388/3357/2097 - binagri@agro.gov.br

Ministério da Agricultura e Pecuária , Esplanada dos Ministérios, Bloco D, Anexo B, Brasília/DF, CEP: 70.043-900